Представление документа в формате RUSMARC

ПолеНазваниеЗначение
  Тип записи a
  Библиографический уровень m
001 Контрольный номер 0ae7c5b3ed854195b7692ad743a00c4e
005 Дата корректировки 20140603135532.2
010 Индекс ISBN __
a ISBN 978-5-8018-0364-7
101 Язык документа 0_
a Язык текста rus
102 Страна публикации __
a Страна публикации RU
200 Заглавие и сведения об ответственности 1_
a Заглавие Международный маркетинг
e Сведения, относящиеся к заглавию учеб.-метод. пособие
f Первые сведения об ответственности Е. Н. Голубкова, М. Э. Сейфуллаева
210 Выходные данные 1_
c Издательство Дело и Сервис
a Место издания М.
d Дата издания 2008
215 Физическое описание __
a Объем 254, [2] с.
610 Ключевые слова 0_
a Ключевые слова международный маркетинг
610 Ключевые слова 0_
a Ключевые слова международный рынок
610 Ключевые слова 0_
a Ключевые слова маркетинговые исследования
610 Ключевые слова 0_
a Ключевые слова стратегические решения
610 Ключевые слова 0_
a Ключевые слова товарная политика
610 Ключевые слова 0_
a Ключевые слова экспортный товар
610 Ключевые слова 0_
a Ключевые слова конкурентоспособность
610 Ключевые слова 0_
a Ключевые слова торговая марка
610 Ключевые слова 0_
a Ключевые слова упаковка
610 Ключевые слова 0_
a Ключевые слова страны ЕС
610 Ключевые слова 0_
a Ключевые слова ценообразование
610 Ключевые слова 0_
a Ключевые слова каналы распределения
610 Ключевые слова 0_
a Ключевые слова коммуникационная политика
610 Ключевые слова 0_
a Ключевые слова международный паблик рилейшнз
610 Ключевые слова 0_
a Ключевые слова PR
610 Ключевые слова 0_
a Ключевые слова сбыт
610 Ключевые слова 0_
a Ключевые слова выставки
610 Ключевые слова 0_
a Ключевые слова продажа
610 Ключевые слова 0_
a Ключевые слова продажа лицензий
610 Ключевые слова 0_
a Ключевые слова инжиниринг
610 Ключевые слова 0_
a Ключевые слова лизинг
610 Ключевые слова 0_
a Ключевые слова иностранные инвестиции
610 Ключевые слова 0_
a Ключевые слова совместные предприятия
610 Ключевые слова 0_
a Ключевые слова анкета
610 Ключевые слова 0_
a Ключевые слова интервьюирование
686 Индексы других классификаций __
a Классификационный индекс 65.584.3я73
2 Код системы rubbk
700 Автор _1
a Фамилия Голубкова
b Имя Е. Н.
g Полное личное имя Евгения Никитична
701 Альтернативная интеллектуальная ответственность _1
a Фамилия Сейфуллаева
b Имя М. Э.
801 Источник записи _0
a Страна RU
b Организация РУК
c Дата составления 20080708
g Правила каталогизации PSBO
801 Источник записи _1
a Страна RU
b Организация РУК
c Дата составления 20080708
g Правила каталогизации PSBO
852 Данные о местонахождении __
j Шифр хранения ББК 65.5
i Авторский знак Г 62
901 Тип документа __
t Тип документа m
938 Служебная информация __
a Название организации Головной вуз
b Имя БД BOOK
c Название АИБС АИБС ИРБИС